तमिळ टायगर प्रभाकरन (Record no. 1265636)

MARC details
000 -LEADER
fixed length control field 00685nam a2200193Ia 4500
008 - FIXED-LENGTH DATA ELEMENTS--GENERAL INFORMATION
fixed length control field 151121s9999||||xx |||||||||||||| ||und||
082 ## - DEWEY DECIMAL CLASSIFICATION NUMBER
Classification number 920/कांदळ
082 ## - DEWEY DECIMAL CLASSIFICATION NUMBER
Item number HNW-118084
100 ## - MAIN ENTRY--PERSONAL NAME
Personal name कांदळकर राजा
245 ## - TITLE STATEMENT
Title तमिळ टायगर प्रभाकरन
260 ## - PUBLICATION, DISTRIBUTION, ETC. (IMPRINT)
Name of publisher, distributor, etc "शब्द प्रब्लिकेशन, मुंबई।"
260 ## - PUBLICATION, DISTRIBUTION, ETC. (IMPRINT)
Date of publication, distribution, etc 2014
300 ## - PHYSICAL DESCRIPTION
Extent 116
600 ## - SUBJECT ADDED ENTRY--PERSONAL NAME
Personal name कांदळकर राजा
630 ## - SUBJECT ADDED ENTRY--UNIFORM TITLE
Uniform title तमिळ टायगर प्रभाकरन
700 ## - ADDED ENTRY--PERSONAL NAME
Personal name कांदळकर राजा
730 ## - ADDED ENTRY--UNIFORM TITLE
Uniform title तमिळ टायगर प्रभाकरन
942 ## - ADDED ENTRY ELEMENTS (KOHA)
Koha item type Book
Holdings
Withdrawn status Lost status Damaged status Not for loan Home library Current library Date acquired Cost, normal purchase price Total Checkouts Full call number Barcode Date last seen Cost, replacement price Price effective from Koha item type
        Hirachand Nemchand Wachanalaya, Solapur Hirachand Nemchand Wachanalaya, Solapur 04/15/2015 150.00   HNW-118084 HNW-118084 11/21/2015 150.00 11/21/2015 Book